000 00400nam a2200157Ia 4500
008 221030s9999 xx 000 0 und d
020 _a8173191891
041 _aEnglish
082 _a105.23
_bDos
100 _aJ. B. Doshi
245 0 _aAnalytical Methods in Engineering
_cby J. B. Doshi
260 _bNarosa Pub. House
_aNew Delhi
_c1998
300 _a271
650 _aBE Mathematics
942 _cBK
999 _c1417
_d1417